000 00428nam a2200157Ia 4500
008 230711s9999||||xx |||||||||||||| ||und||
041 _aENG
082 _a720
_bHA-E
100 _aHale,Gill
245 4 _aThe essential book of FENG SHUI a complete guide to harmonious modern living
250 _a1st . Ed.
260 _c2000
_aNew York
_bSouth Water Anness Publication
300 _a128
650 _aArchitecture
942 _cBK
999 _c4952
_d4952